|
|
|
|
| LEADER |
00810ncm a22002292a 4500 |
| 001 |
001228341 |
| 003 |
CZ BrMZK |
| 005 |
20120703133353.0 |
| 007 |
qu |
| 008 |
120703s1890 au |||||||||||||||||ger d |
| 040 |
|
|
|a BOA001
|b cze
|
| 072 |
|
7 |
|a 784
|x Vokální hudba
|2 Konspekt
|9 9
|
| 100 |
1 |
|
|a Debois, Ferdinand,
|d 1835-1893
|7 mzk2011651330
|4 cmp
|
| 245 |
1 |
0 |
|a Zum Liebchen!
|h [hudebnina] /
|c Ferdinand Debois ; (Gedicht von Emanuel Geibel)
|
| 260 |
|
|
|a Wien :
|b Robitschek,
|c [1890?]
|
| 300 |
|
|
|a 1 partitura (7 s.) + 4 hlasy (2, 2, 2, 2 s.
|
| 500 |
|
|
|a Mužský sbor s doprovodem
|
| 700 |
1 |
|
|a Geibel, Emanuel,
|d 1815-1884
|7 mzk2010578421
|4 lyr
|
| 910 |
|
|
|a BOA001
|b Mus4-0424.806
|
| 990 |
|
|
|a MU
|
| 991 |
|
|
|b 201207
|
| 996 |
6 |
|
|b 2619054441
|c Mus4-0424.806
|l MZK
|r Sklad / do 1 hodiny
|n 0
|p W
|w 001262080
|u 000010
|a 1
|e BOA001
|j MZK50
|s P
|